Every County that has an In-N-Out Burger Location (Map) (2023) - Statistics

General Stats
  • This quiz has been taken 18 times
    16 since last reset
  • The average score is 25 of 71
Answers on the Map
Answers color-coded by a green-red scale on the quiz's map according to % correct below.
 
Answer Stats
County % Correct
Los Angeles
85%
Orange
85%
San Diego
85%
Dallas
69%
El Paso
69%
Riverside
69%
Sacramento
69%
Salt Lake
69%
San Francisco
69%
Fresno
62%
Monterey
62%
San Bernardino
62%
Clark
54%
Maricopa
54%
Santa Barbara
54%
Yuma
54%
Harris
46%
Napa
46%
San Jose
46%
Ventura
46%
Washington
46%
Alameda
38%
Bexar
38%
Carson City
38%
Kern
38%
Kings
38%
Pima
38%
San Joaquin
38%
Utah
38%
Washoe
38%
Adams
31%
Bell
31%
Contra Costa
31%
Humboldt
31%
Jackson
31%
Marin
31%
Marion
31%
Pinal
31%
San Luis Obispo
31%
Sonoma
31%
Travis
31%
Tulare
31%
Merced
23%
Mohave
23%
San Mateo
23%
Shasta
23%
Solano
23%
Tarrant
23%
Yolo
23%
Arapahoe
15%
Collin
15%
Davis
15%
Denton
15%
Douglas
15%
Douglas
15%
El Dorado
15%
McLennan
15%
Morgan
15%
Placer
15%
Santa Cruz
15%
Stanislaus
15%
Williamson
15%
Yavapai
15%
Cache
8%
Comal
8%
Fort Bend
8%
Hays
8%
Josephine
8%
Mendocino
8%
Rockwall
8%
Sutter
8%
No matching quizzes found
Score Distribution
Percent of People with Each Score
Percentile by Number Answered
Your Score History
You have not taken this quiz since the last reset